000 00434nam a2200181Ia 4500
001 15414
005 20260306170154.0
008 260306t2009||||xx |||||||||||||| ||und||
041 _aESP
082 _a540
_bB84 2009
100 _aBrown, Theodore L.
_eAUT
245 0 _aQuímica:
_bla ciencia central
260 _c2009
300 _axli, 1117 páginas :
_c27 cm.
650 _aGEN
654 _aCCN
942 _cLIB
_dJUS
_fJUS
_2ddc
_n
999 _c15414
_d15414